<?xml version="1.0" encoding="UTF-8"?>
<record
    xmlns:xsi="http://www.w3.org/2001/XMLSchema-instance"
    xsi:schemaLocation="http://www.loc.gov/MARC21/slim http://www.loc.gov/standards/marcxml/schema/MARC21slim.xsd"
    xmlns="http://www.loc.gov/MARC21/slim">

  <leader>01163nam a2200265 a 4500</leader>
  <controlfield tag="001">BRCA_9044</controlfield>
  <controlfield tag="005">20190320210514.0</controlfield>
  <controlfield tag="008">250817s2017----sp-a######---#000-0#spa-#</controlfield>
  <datafield tag="020" ind1=" " ind2=" ">
    <subfield code="a">9788494655937</subfield>
  </datafield>
  <datafield tag="041" ind1=" " ind2=" ">
    <subfield code="a">spa</subfield>
  </datafield>
  <datafield tag="044" ind1=" " ind2=" ">
    <subfield code="a">sp</subfield>
  </datafield>
  <datafield tag="050" ind1=" " ind2="4">
    <subfield code="a">NK7114</subfield>
    <subfield code="b">.T47 2017</subfield>
  </datafield>
  <datafield tag="245" ind1="1" ind2="0">
    <subfield code="a">El tesoro del lugar florido</subfield>
    <subfield code="b">estudios sobre la plata iberoamericana : siglos XVI-XIX</subfield>
    <subfield code="c">coordinadores Juan Haroldo Rodas Estrada, Nuria Salazar Simarro, Jes&#xFA;s Paniagua P&#xE9;rez.</subfield>
  </datafield>
  <datafield tag="260" ind1=" " ind2=" ">
    <subfield code="a">[Le&#xF3;n]</subfield>
    <subfield code="b">El Forastero ; Instituto de Humanismo y Tradici&#xF3;n Cl&#xE1;sica ; [M&#xE9;xico] : INAH</subfield>
    <subfield code="c">2017</subfield>
  </datafield>
  <datafield tag="300" ind1=" " ind2=" ">
    <subfield code="a">614 p.</subfield>
    <subfield code="b">il., mapas, tablas, gr&#xE1;ficas</subfield>
    <subfield code="c">30 cm.</subfield>
  </datafield>
  <datafield tag="500" ind1=" " ind2=" ">
    <subfield code="a">incluye &#xED;ndice onom&#xE1;stico y geogr&#xE1;fico</subfield>
  </datafield>
  <datafield tag="504" ind1=" " ind2=" ">
    <subfield code="a">Incluye referencias bibliogr&#xE1;ficas</subfield>
  </datafield>
  <datafield tag="650" ind1="1" ind2="4">
    <subfield code="a">Plata</subfield>
    <subfield code="x">Historia</subfield>
    <subfield code="y">Siglo XVI-XIX</subfield>
    <subfield code="z">Am&#xE9;rica Latina</subfield>
    <subfield code="9">19376</subfield>
  </datafield>
  <datafield tag="650" ind1="1" ind2="4">
    <subfield code="a">Plata</subfield>
    <subfield code="x">Historia - Minas y extracci&#xF3;n</subfield>
    <subfield code="y">Siglo XVI-XIX</subfield>
    <subfield code="z">Am&#xE9;rica Latina</subfield>
    <subfield code="9">22413</subfield>
  </datafield>
  <datafield tag="650" ind1="1" ind2="4">
    <subfield code="a">Orfebrer&#xED;a</subfield>
    <subfield code="x">Historia</subfield>
    <subfield code="y">Siglo XVI-XIX</subfield>
    <subfield code="z">Am&#xE9;rica Latina</subfield>
    <subfield code="9">19378</subfield>
  </datafield>
  <datafield tag="700" ind1="1" ind2=" ">
    <subfield code="a">Rodas Estrada, Juan Haroldo</subfield>
    <subfield code="e">coord.</subfield>
    <subfield code="9">22414</subfield>
  </datafield>
  <datafield tag="700" ind1="1" ind2=" ">
    <subfield code="a">Salazar Simarro, Nuria</subfield>
    <subfield code="e">coord.</subfield>
    <subfield code="9">7071</subfield>
  </datafield>
  <datafield tag="700" ind1="1" ind2=" ">
    <subfield code="a">Paniagua P&#xE9;rez, Jes&#xFA;s</subfield>
    <subfield code="e">coord.</subfield>
    <subfield code="9">2812</subfield>
  </datafield>
  <datafield tag="942" ind1=" " ind2=" ">
    <subfield code="2">lcc</subfield>
    <subfield code="c">B</subfield>
  </datafield>
  <datafield tag="999" ind1=" " ind2=" ">
    <subfield code="c">8694</subfield>
    <subfield code="d">8694</subfield>
  </datafield>
  <datafield tag="952" ind1=" " ind2=" ">
    <subfield code="0">0</subfield>
    <subfield code="1">0</subfield>
    <subfield code="4">0</subfield>
    <subfield code="7">0</subfield>
    <subfield code="a">BRCA</subfield>
    <subfield code="b">BRCA</subfield>
    <subfield code="d">2017-08-24</subfield>
    <subfield code="l">0</subfield>
    <subfield code="o">NK7114 .T47 2017</subfield>
    <subfield code="p">02961</subfield>
    <subfield code="r">2019-03-22 00:00:00</subfield>
    <subfield code="w">2019-03-22</subfield>
    <subfield code="y">B</subfield>
  </datafield>
</record>
